| 000 | 00876nam a22002657a 4500 | ||
|---|---|---|---|
| 999 |
_c28510 _d28481 |
||
| 003 | EG-ScBUE | ||
| 005 | 20200719004647.0 | ||
| 008 | 200219s2011 enk f 000 0 eng d | ||
| 020 | _a9781845494902 | ||
| 040 |
_aEG-ScBUE _beng _erda _cEG-ScBUE _dEG-ScBUE |
||
| 082 | 0 | 4 |
_a070.43 _bINV _222 |
| 245 | 0 | 0 |
_aInvestigative journalism : _bdead or alive ? / _cedited by John Mair, Richard Lance Keeble. |
| 264 | 1 |
_aSuffolk : _bAbramis Academic Publishing, _c2011. |
|
| 300 |
_aix, 345 pages ; _c24 cm |
||
| 336 |
_2rdacontent _atext _btxt |
||
| 337 |
_2rdamedia _aunmediated _bn |
||
| 338 |
_2rdacarrier _avolume _bnc |
||
| 650 | 7 |
_aJournalism. _2BUEsh |
|
| 650 | 7 |
_aInvestigative reporting. _2BUEsh |
|
| 653 |
_bCOMAME _cJuly2020 |
||
| 655 |
_vReading book _934232 |
||
| 700 | 1 |
_aMair, John, _eeditor. _910793 |
|
| 700 | 1 |
_aKeeble, Richard, _d1948- _eeditor. |
|
| 942 |
_2ddc _cBB |
||